O Desenvolvimento Das Competências Socioemocionais Na Elaboração Do Documento Curricular De Ensino Religioso Do Espírito Santo

O presente artigo tem por finalidade explanar como as competências socioemocionais foram contempladas no Currículo do Espírito Santo, na área de conhecimento Ensino Religioso. Buscamos narrar acerca da importância de tais competências para a vida escolar dos estudantes. Para tanto, consideramos os t...

Full description

Saved in:  
Bibliographic Details
Authors: Zortéa, Valéria Gon (Author) ; Perini, Érica Rezende (Author) ; Bergmann, Helenice Maria Barcellos (Author)
Format: Electronic Article
Language:Portuguese
Check availability: HBZ Gateway
Interlibrary Loan:Interlibrary Loan for the Fachinformationsdienste (Specialized Information Services in Germany)
Published: 2020
In: Protestantismo em Revista
Year: 2020, Volume: 46, Issue: 1, Pages: 183-193
Further subjects:B Ensino Religioso
B Competências Socioemocionais
B Formação Integral
B Currículo
Online Access: Volltext (kostenfrei)

MARC

LEADER 00000naa a22000002c 4500
001 1967336709
003 DE-627
005 20260327055549.0
007 cr uuu---uuuuu
008 260327s2020 xx |||||o 00| ||por c
035 |a (DE-627)1967336709 
035 |a (DE-599)KXP1967336709 
040 |a DE-627  |b ger  |c DE-627  |e rda 
041 |a por 
084 |a 1  |2 ssgn 
100 1 |a Zortéa, Valéria Gon  |e VerfasserIn  |4 aut 
245 1 0 |a O Desenvolvimento Das Competências Socioemocionais Na Elaboração Do Documento Curricular De Ensino Religioso Do Espírito Santo 
264 1 |c 2020 
336 |a Text  |b txt  |2 rdacontent 
337 |a Computermedien  |b c  |2 rdamedia 
338 |a Online-Ressource  |b cr  |2 rdacarrier 
520 |a O presente artigo tem por finalidade explanar como as competências socioemocionais foram contempladas no Currículo do Espírito Santo, na área de conhecimento Ensino Religioso. Buscamos narrar acerca da importância de tais competências para a vida escolar dos estudantes. Para tanto, consideramos os temas integradores apontados no Documento Curricular, bem como a relevância de considerar a formação integral dos alunos, sobretudo a partir da religiosidade e do respeito às diferenças. Prospectamos essa questão, com intento de aventar possibilidades para que haja a integração do Ensino Religioso com outras aprendizagens no contexto escolar. Foi possível compreender que o Ensino Religioso, quando trabalhado como preconizam os marcos legais da educação - de forma não confessional, e atrelado às competências socioemocionais, pode contribuir com a formação do caráter dos alunos, considerando-os como sujeitos de aprendizagem, possuidores de direitos e de deveres, uma vez que trata, diretamente, de valores religiosos e humanos. 
650 4 |a Formação Integral 
650 4 |a Currículo 
650 4 |a Competências Socioemocionais 
650 4 |a Ensino Religioso 
700 1 |a Perini, Érica Rezende  |e VerfasserIn  |4 aut 
700 1 |a Bergmann, Helenice Maria Barcellos  |e VerfasserIn  |4 aut 
773 0 8 |i Enthalten in  |t Protestantismo em Revista  |d São Leopoldo : [Verlag nicht ermittelbar], 2002  |g 46(2020), 1, Seite 183-193  |h Online-Ressource  |w (DE-627)66496737X  |w (DE-600)2619541-0  |w (DE-576)34791621X  |x 1678-6408  |7 nnas 
773 1 8 |g volume:46  |g year:2020  |g number:1  |g pages:183-193 
856 4 0 |u https://revistas.est.edu.br/PR/article/view/130  |x Verlag  |z kostenfrei  |3 Volltext  |7 0 
912 |a NOMM 
935 |a mteo 
951 |a AR 
ELC |a 1 
LOK |0 000 xxxxxcx a22 zn 4500 
LOK |0 001 4943464408 
LOK |0 003 DE-627 
LOK |0 004 1967336709 
LOK |0 005 20260327055549 
LOK |0 008 260327||||||||||||||||ger||||||| 
LOK |0 035   |a (DE-Tue135)IxTheo#2025-10-17#DF0A601ECED22D9F3AA50ECF8550C2422DBE41F8 
LOK |0 040   |a DE-Tue135  |c DE-627  |d DE-Tue135 
LOK |0 092   |o n 
LOK |0 852   |a DE-Tue135 
LOK |0 852 1  |9 00 
LOK |0 935   |a ixrk  |a ixzs  |a zota 
LOK |0 939   |a 2026-03-27  |b l01 
OAS |a 1 
ORI |a TA-MARC-ixtheoa001.raw